Lengua y vida españolas (notice nᵒ 10847)
[ vue normale ]
| 000 -Sello discográfico | |
|---|---|
| campo de control de longitud fija | 00911nam a2200337 4500 |
| 005 - Identificación de versión | |
| campo de control | 20251016082255.0 |
| 035 ## - Otros números de control del sistema | |
| Número de control del sistema | 12948 |
| 099 ## - fechas locales | |
| Tipo de ítem Koha | LIBRO |
| 100 ## - Datos de procesamiento general | |
| Datos de procesamiento general | 20040224d1962 m y1spay5003 ba |
| 105 ## - Campo de datos codificados: Material textual, monográfico | |
| Datos codificados de monografía | a 001zy |
| 200 1# - Título y mención de responsabilidad | |
| Título propio | Lengua y vida españolas |
| Designación general del material | texto impreso |
| Otra información del título | España, tierras y hombres |
| Primer mención de responsabilidad | Walter Mangold, José I. Tejedor |
| 210 ## - Publicación, distribución, etc. | |
| Lugar de publicación, distribución, etc. | Madrid |
| Nombre del editor, distribuidor, etc. | Editorial Mangold |
| Fecha de publicación, distribución, etc. | 1962 |
| 215 ## - Descripción física | |
| Designación de material específico y extensión del ítem | 207 p |
| Otras características físicas | il. |
| Dimensiones | 23 cm |
| 318 ## - Nota de acción | |
| Acción | No se presta a domicilio |
| 345 ## - Nota de información de adquisición | |
| Fuente de adquisición/dirección de la suscripción [OBSOLETO] | Intercambio |
| 606 ## - Término temático usado como materia | |
| Elemento de entrada | Español (Idioma) |
| Subdivisión temática | Gramática |
| Número Koha | 1548 |
| 676 ## - Clasificación Decimal Dewey | |
| Número | R468.2 M277l |
| 700 ## - Nombre personal - Responsabilidad primaria | |
| Elemento de entrada | Mangold |
| Parte del nombre distinta del elemento de entrada | Walter |
| Número Koha | 17381 |
| 701 ## - Nombre personal - Responsabilidad alternativa | |
| Elemento de entrada | Tejedor |
| Parte del nombre distinta del elemento de entrada | José I |
| Número Koha | 17382 |
| 801 #0 - Fuente de origen | |
| Agencia | cm |
| 900 ## - | |
| -- | 1/6610 |
| 900 ## - | |
| -- | 7100418372\240204 |
| 942 ## - ELEMENTOS DE ENTRADA SECUNDARIOS (KOHA) | |
| Tipo de ítem Koha | Livre |
Pas d'exemplaire disponible.